00594nam a2200169Ia 4500003000900000008004100009040001600050080001800066245015600084260003600240300001500276650002800291650003100319700002700350700002300377700002400400IN-BaIIA211028s9999 xx 000 0 eng d cIIA Library a(05)52bANN-1 0aAnnual review of astronomy and astrophysicsbvol. 1cedited by Leo Goldberg, Armin Deutsch and David Layzer  aPalo AltobAnnual Reviewsc1963 avii, 418p. aAstronomy - Periodicals aAstrophysics - Periodicals aDeutsch, Armin J., ed. aGoldberg, Leo, ed. aLayzer, David, ed.